Statistics for The Lonely Island songs

Click here to take the quiz!

General Stats

  • This quiz has been taken 616 times
    (613 since last reset)
  • The average score is 4 of 7

Answer Stats

LyricsSong Title% Correct
I've got my swim trunks and my flippie-floppiesI'm On a Boat
87%
To be fair you were flirting a lotJizz in my Pants
83%
To be honest, I'm surprised she even wanted me to do itI Just Had Sex
80%
You know It's Christmas and my heart is open wideDick in a Box
65%
Two, no six, no twelve. Baker's dozen! I told you that I'm crazy for these cupcakes, cousinLazy Sunday
34%
Roller Skates, a DVD of Cool RunningsRas Trent
17%
Lookin' like Cookie Monster, flossin' his mouthTurtleneck & Chain
11%

Score Distribution

Percentile by Number Answered

Percent of People with Each Score

Your Score History

You have not taken this quiz since the last reset